000 00799nam a2200229 a 4500
999 _c9497
_d9497
001 9497
003 BD-JhCC
005 20180320163925.0
008 180315s2013 bg a|||| ||a| 000 0 ben d
035 _a(BD-JhCC)9497
040 _aBD-JhCC
_dBD-JhCC
041 _aben
082 _a574
_bAZM 2013
100 _aআজমল, গাজী এস. এম.
245 _aজীববিজ্ঞান প্রথম পত্র একাদশ-দ্বাদশ শ্রেণি /
_cগাজী এস. এম. আজমল এবং সফিউর রহমান
260 _aঢাকা :
_bগাজী পাবলিশার্স,
_c2013
300 _a296 p. ;
_c25 cm.
650 _aBiology
700 _aরহমান, সফিউর
942 _2ddc
_cBK